| 000 | 01328nam0a22002891 4500 | ||
|---|---|---|---|
| 001 | rc\885892 | ||
| 005 | 20041129093857.5 | ||
| 035 | _a(NLR Aleph) 006062960 | ||
| 090 |
_a4928707 _c4928707 |
||
| 100 | _a20041129d1983 u |0rusy50 ca | ||
| 101 | 0 | _arus | |
| 102 | _aRU | ||
| 105 | _aa ||||||||| | ||
| 200 | 1 |
_aГидрогеологические критерии нефтегазоносности _e(На прим. Тимано-Печер. бассейна) _f[С.И. Сергиенко, А.Н. Гусева, Т.Н. Кирюхина и др. _gОтв. ред. В.А. Чахмахчев] |
|
| 210 |
_aМ. _cНаука _d1983 |
||
| 215 |
_a103 с., 2 отд. л. ил. _cил. _d21 |
||
| 300 | _aАвт. указаны в огл. | ||
| 300 | _aВ надзаг.: Ин-т геологии и разраб. горючих ископаемых | ||
| 320 | _aБиблиогр.: с. 98-100 (54 назв.) | ||
| 701 | 1 |
_aСергиенко _bС. И. _gСергей Иванович |
|
| 702 | 1 |
_aЧахмахчев _bВ. А. _gВаган Александрович _4340 |
|
| 712 | 0 | 2 |
_aИнститут геологии и разработки горючих ископаемых _cМосква _3RU\NLR\AUTH\8810004738 |
| 801 | 0 |
_aRU _bNLR _gpsbo |
|
| 801 | 1 |
_aRU _bELAR _2rusmarc |
|
| 852 |
_aNLR _j83-5/5304 |
||
| 942 | _cBOOK | ||
| 980 | _aNB | ||